000 00238nam a2200085Ia 4500
008 180219s9999 xx 000 0 und d
100 _aAgarwal Nidhi
245 0 _aMental Measirement And Evaluation In Education
260 _aVinay Rakheja R. Lall Meerut
260 _c2010
999 _c42219
_d42219